| 000 | 00834nam a2200217 a 4500 | ||
|---|---|---|---|
| 003 | BD-DhJNU | ||
| 005 | 20241203052750.0 | ||
| 008 | 191129s2018 bg a c f000 0 eng d | ||
| 020 | _a9789843390882 | ||
| 037 | _bLibrary of Congress -- New Delhi Overseas Office | ||
| 040 |
_aBD-DhJNU _bENG _cBD-DhJNU _dBD-DhJNU |
||
| 082 | 0 | 4 |
_a737.409 DES _223 |
| 110 | 2 |
_aBangladesh National Museum, _eauthor. |
|
| 245 | 1 | 2 |
_aA descriptive catalogue of the ancient coins of Bangladesh in the Bangladesh National Museum / _cprepared by Dr. Md. Shariful Islam. |
| 264 | 1 |
_aDhaka : _bBangladesh National Museum, _c2018. |
|
| 300 |
_a544 pages : _billustrations (colour) ; _c30 cm. |
||
| 650 | 7 |
_aCoins, Ancient. _2fast _0(OCoLC)fst00866687 |
|
| 650 | 7 |
_aGold coins. _2fast _0(OCoLC)fst00944417 |
|
| 700 | 1 |
_aIslam, Shariful, _d1971- _eeditor. |
|
| 942 | _cBK | ||
| 999 |
_c963 _d963 |
||